000 00480nam a22001697a 4500
003 CEME
005 20210628210404.0
008 210216b xxu||||| |||| 00| 0 eng d
040 _c.
082 _a297.7 MUH
100 _aMuhammad Madni Ashrafi Jillani
_979177
245 _aVideo aur tv ka sharie istamal
260 _aLAHORE
_bSHABBIR BROTHERS
_c1999
300 _a414P
650 _aISLAM-VIDEO AUR TV KA SHARIE ISTAMAL ISLAM-TV KA SHARIE ISTAMAL
_979178
942 _cBK
_2ddc
999 _c584235
_d584235